Manual del impuesto a las ganancias (Registro nro. 4821)
[ vista simple ]
| 000 -LEADER | |
|---|---|
| fixed length control field | 02023 a2200289 4500 |
| 001 - CONTROL NUMBER | |
| control field | 49403 |
| 005 - DATE AND TIME OF LATEST TRANSACTION | |
| control field | 20260407155757.0 |
| 008 - FIXED-LENGTH DATA ELEMENTS--GENERAL INFORMATION | |
| fixed length control field | 260407a2019 arg spa d |
| 003 - CONTROL NUMBER IDENTIFIER | |
| control field | AR-UNSa-BCEJYS |
| 040 ## - CATALOGING SOURCE | |
| Original cataloging agency | AR-UNSa-BCEJYS |
| Language of cataloging | spa |
| Transcribing agency | AR-UNSa-BCEJYS |
| 080 ## - UNIVERSAL DECIMAL CLASSIFICATION NUMBER | |
| Universal Decimal Classification number | 336.226.1 |
| Common auxiliary subdivision | Impuestos a las ganancias o los beneficios (Impuesto Diferido) |
| 020 ## - INTERNATIONAL STANDARD BOOK NUMBER | |
| International Standard Book Number | 978-987-03-3718-8 |
| 041 ## - LANGUAGE CODE | |
| Language code of text/sound track or separate title | spa |
| 100 1# - MAIN ENTRY--PERSONAL NAME | |
| Personal name | Rajmilovich, Darío Marcelo |
| 245 10 - TITLE STATEMENT | |
| Title | Manual del impuesto a las ganancias |
| Name of part/section of a work | Con las modificaciones de la reforma tributaria (Ley 27.430 y decreto 1170/2018) |
| 250 ## - EDITION STATEMENT | |
| Edition statement | 4a. ed. |
| 264 #1 - PRODUCTION, PUBLICATION, DISTRIBUTION, MANUFACTURE, AND COPYRIGHT NOTICE | |
| Place of production, publication, distribution, manufacture | Buenos Aires : |
| Name of producer, publisher, distributor, manufacturer | La Ley |
| Date of production, publication, distribution, manufacture, or copyright notice | 2019 |
| 300 ## - PHYSICAL DESCRIPTION | |
| Extent | xviii, 806 p. |
| Dimensions | 24 cm. |
| 505 ## - FORMATTED CONTENTS NOTE | |
| Formatted contents note | 1. Ámbito objetivo de aplicación del impuesto a las ganancias. Nexos de vinculación. Elemento material - 2. Ámbito objetivo de aplicación del impuesto a las ganancias. Fuente territorial - 3. Ámbito subjetivo de aplicación del impuesto a las ganancias - 4. Ámbito temporal del hecho imponible en el impuesto a las ganancias. Imputación de las ganancias y gastos o deducciones al periodo fiscal - 5. Esquema de liquidación de la base imponible (Ganancia neta sujeta a impuesto) - 6. Exenciones - 7. Gastos y deducciones. Salidas no documentadas - 8. Ganancias brutas y netas de la primera categoría - 9. Ganancias brutas y netas de la segunda categoría - 10. Ganancias brutas y netas de la tercera categoría - 11. Ganancias brutas y netas de cuarta categoría - 12. Determinación del impuesto. Impuesto progresivo, impuesto cedular, crédito por impuestos análogos efectivamente pagados en el exterior por ganancias de fuente extranjera - 13. Régimen de beneficiarios del exterior - 14. Ajuste por inflación impositivo. |
| 590 ## - LOCAL NOTE (RLIN) | |
| Local note | niveau_biblio:m niveau_hierar:0 |
| 700 1# - ADDED ENTRY--PERSONAL NAME | |
| Personal name | Ardiles, Lucía |
| 700 1# - ADDED ENTRY--PERSONAL NAME | |
| Personal name | Balverde, Luciana |
| 700 1# - ADDED ENTRY--PERSONAL NAME | |
| Personal name | Carbone, Sergio |
| 700 1# - ADDED ENTRY--PERSONAL NAME | |
| Personal name | Carreño, Gustavo |
| 856 41 - ELECTRONIC LOCATION AND ACCESS | |
| Uniform Resource Identifier | <a href="https://www.biblioeco.unsa.edu.ar/pmb/images/libros/L128049.jpg">https://www.biblioeco.unsa.edu.ar/pmb/images/libros/L128049.jpg</a> |
| Link text | Imagen de portada |
| Electronic format type | image/jpeg |
| 942 ## - ADDED ENTRY ELEMENTS (KOHA) | |
| Koha item type | |
| Withdrawn status | Lost status | Damaged status | Not for loan | Home library | Current library | Shelving location | Date acquired | Total checkouts | Full call number | Barcode | Date last seen | Price effective from | Koha item type |
|---|---|---|---|---|---|---|---|---|---|---|---|---|---|
| Biblioteca Prof. Eusebio Cleto del Rey | Biblioteca Prof. Eusebio Cleto del Rey | 07/04/2026 | 336.226.1 R111 4ed. | L128049 | 07/04/2026 | 07/04/2026 | Libro | ||||||
| Biblioteca Prof. Eusebio Cleto del Rey | Biblioteca Prof. Eusebio Cleto del Rey | 07/04/2026 | 336.226.1 R111 4ed. | L128050 | 07/04/2026 | 07/04/2026 | Libro | ||||||
| Biblioteca Prof. Eusebio Cleto del Rey | Biblioteca Prof. Eusebio Cleto del Rey | 07/04/2026 | 336.226.1 R111 4ed. | L128051 | 07/04/2026 | 07/04/2026 | Libro |